• 首页
  • 本馆介绍
  • 公告通知
  • 最新文献
  • 馆藏检索
  • 电子资源
  • 读者导购
  • 参考咨询
  • 我的图书馆
  • 登录
  • 详细信息显示
  • 放入我的书架
  • 预约/预借图书
  • 作者相关作品
  • 分类相关作品
  • 丛书相关作品
  • 出版社相关作品

书目信息

  • 表格格式
  • 工作单格式
  • 卡片格式
题名:
资产评估学
    
 
作者: 刘玉平 主编
分册:  
出版信息: 北京   中国人民大学出版社  2018.5
页数: 266页
开本: 26cm
丛书名:
单 册:
中图分类: F20
科图分类:
主题词: 资产评估--zi chan ping gu--教材
电子资源:
ISBN: 978-7-300-25721-1
000 00956nam0 2200265 450
001 2151125621
005 20211019144154.07
010    @a978-7-300-25721-1@dCNY37.00
100    @a20181129d2018 em y0chiy50 ea
101 0  @achi
102    @aCN@b110000
105    @ay z 000yy
106    @ar
200 1  @a资产评估学@Azi chan ping gu xue@dValuation@f刘玉平主编@zeng
205    @a2版
210    @a北京@c中国人民大学出版社@d2018.5
215    @a266页@d26cm
300    @a教育部经济管理类主干课程教材 会计与财务系列
330    @a本书内容包括资产评估基本理论、资产评估基本方法、各类资产的评估(机器设备、房地产、无形资产、流动资产、长期投资、企业价值)、资产评估报告的编制以及资产评估行业发展与管理等,涵盖了资产评估理论、方法、管理等全部内容。
510 1  @aValuation@zeng
606 0  @a资产评估@Azi chan ping gu@j教材
690    @aF20@v5
701  0 @a刘玉平@Aliu yu ping@4主编
801  0 @aCN@b百万庄@c20211018
905    @b1310512-15@dF20@e109=2@f4
    
    资产评估学=Valuation/刘玉平主编.-2版.-北京:中国人民大学出版社,2018.5
    266页;26cm
    教育部经济管理类主干课程教材 会计与财务系列
    
    ISBN 978-7-300-25721-1:CNY37.00
    本书内容包括资产评估基本理论、资产评估基本方法、各类资产的评估(机器设备、房地产、无形资产、流动资产、长期投资、企业价值)、资产评估报告的编制以及资产评估行业发展与管理等,涵盖了资产评估理论、方法、管理等全部内容。
●
相关链接 在E读中查询图书 在五车中查询图书 在当当中查询图书 在豆瓣中查询图书


正题名:资产评估学     索取号:F20/109=2         预约/预借

序号 登录号 条形码 馆藏地/架位号 状态 备注
1 1310512   213105129   第一样本阅览室/ [索取号:F20/109=2] 在馆    
2 1310513   213105138   第一借阅区/ [索取号:F20/109=2] 在馆    
3 1310514   213105147   第一借阅区/ [索取号:F20/109=2] 在馆    
4 1310515   213105156   第一借阅区/ [索取号:F20/109=2] 在馆    
唐山师范学院图书馆 欢迎您!
大连网信软件有限公司© 版权所有